Statistiken für Bravo Hits Best Of 94

Klicken Sie hier um das Quiz zu spielen!

Allgemein

  • Dieses Quiz wurde 51 mal gespielt
  • Das Durchschnittsergebnis liegt bei 9 aus 39

Antwortstatistiken

SongInterpret% Korrekt
Hyper HyperScooter
90%
Cotton Eye JoeRednex
67%
Alles Aus LiebeDie Toten Hosen
58%
Sleeping In My CarRoxette
46%
Saturday NightWhigfield
46%
An AngelThe Kelly Family
44%
Somewhere Over The RainbowMarusha
40%
Der Berg RuftK2
35%
Eins, Zwei, PolizeiMo-Do
31%
Let The Dream Come TrueDJ BoBo
27%
Es Geht Mir GutMarius Müller-Westernhagen
27%
BabeTake That
27%
Cryin'Aerosmith
25%
MädchenLucilectric
23%
UnitedPrince Ital Joe Feat. Marky Mark
23%
Welcome To TomorrowSnap! Feat. Summer
23%
Don't Turn AroundAce Of Base
21%
Return To InnocenceEnigma
21%
JessieJoshua Kadison
19%
7 SecondsYoussou N'Dour & Neneh Cherry
19%
No One2 Unlimited
17%
AlwaysErasure
17%
I SwearAll-4-One
15%
Unser Lied (Lalelu)Cinematic Feat. Heinz Rühmann und Oliver Grimm
15%
Sweet DreamsLa Bouche
15%
Up'n AwayMr. President
15%
Omen IIIMagic Affair
13%
Love SongMark'Oh
13%
What's The Frequency KennethR.E.M.
13%
I Like To Move ItReel 2 Real Feat. The Mad Stuntman
10%
Get-A-WayMaxx
8%
Since I Don't Have YouGuns N' Roses
6%
Right In The NightJam & Spoon Feat. Plavka
6%
InsideStiltskin
6%
Love Is StrongThe Rolling Stones
6%
What's My NameSnoop Doggy Dogg
4%
Is It LoveTwenty 4 Seven Feat. Stay-C & Nance
4%
Love Can Build A BridgeChildren For Rwanda
2%
Things Can Only Get BetterD:Ream
2%

Verteilung der Resultate

Perzentil nach korrekt beantworteten Fragen

Anzahl Personen mit jedem Resultat

Ihre Resultats-Entwicklung

Sie haben dieses Quiz noch nicht gespielt